[Event "GRE-chT 43rd"]
[Site "Porto Rio"]
[Date "2015.10.10"]
[Round "4.7"]
[White "Papadopoulos, Georgios Vas"]
[Black "Kalogeris, Ioannis"]
[Result "0-1"]
[WhiteElo "2264"]
[BlackElo "2208"]
[PlyCount "100"]
[EventDate "2015.10.08"]
[EventType "team-swiss"]
[EventRounds "7"]
[EventCountry "GRE"]
[SourceTitle "CBM 168 Extra"]
[Source "ChessBase"]
[SourceDate "2015.10.29"]
[SourceVersion "1"]
[SourceVersionDate "2015.10.29"]
[SourceQuality "1"]
[WhiteTeam "Korinthias Argonaftis"]
[BlackTeam "Chania Kydon"]
[WhiteTeamCountry "GRE"]
[BlackTeamCountry "GRE"]

1. d4 b6 2. e4 Bb7 3. Nc3 e6 4. Nf3 Bb4 5. Bd3 Nf6 6. Qe2 d5 7. exd5 Nxd5 8. Bd2 Nxc3 9. bxc3 Be7 10. Ne5 Bf6 11. 0-0 Qd5 12. Bb5+ c6 13. Bc4 Qd6 14. Bf4 Qe7 15. Rae1 Nd7 16. Qh5 Bxe5 17. dxe5 h6 18. Rd1 g5 19. Bg3 0-0-0 20. Rd6 Nc5 21. Qe2 h5 22. h3 h4 23. Bh2 Rd7 24. Ra1 Rhd8 25. a4 Rxd6 26. exd6 Qf6 27. Qe3 Qf5 28. a5 Qxc2 29. axb6 axb6 30. Qe5 Nd7 31. Qxg5 Qxc3 32. Rc1 Qf6 33. Qe3 Rg8 34. Bd3 Qg5 35. Qxg5 Rxg5 36. Bf4 Ra5 37. Bh7 Nf6 38. Bd3 Kd7 39. Rb1 Nd5 40. Bg5 Ra4 41. f4 Rd4 42. Bf1 Kxd6 43. Bxh4 c5 44. Bd8 Rb4 45. Rd1 Kc6 46. f5 exf5 47. Bd3 Rd4 48. h4 Ne3 49. Rd2 Rxd8 50. Be4+ Nd5 0-1

[Event "Isthmia op 5th"]
[Site "Loutraki"]
[Date "2015.08.21"]
[Round "4"]
[White "Petrov, Marian"]
[Black "Papadopoulos, Georgios Vas"]
[Result "1-0"]
[WhiteElo "2482"]
[BlackElo "2318"]
[PlyCount "69"]
[EventDate "2015.08.18"]
[EventType "swiss"]
[EventRounds "9"]
[EventCountry "GRE"]
[SourceTitle "EXT 2016"]
[Source "ChessBase"]
[SourceDate "2015.10.08"]
[SourceVersion "1"]
[SourceVersionDate "2015.10.08"]
[SourceQuality "1"]

1. e4 c5 2. Nf3 e6 3. c3 d5 4. e5 d4 5. Bd3 Nc6 6. 0-0 Nge7 7. Re1 Ng6 8. a4 Qc7 9. cxd4 cxd4 10. Qc2 Qa5 11. Na3 Ngxe5 12. Nxe5 Nxe5 13. Bb5+ Nd7 14. Qe4 Bc5 15. b4 Bxb4 16. Qxd4 0-0 17. Bxd7 Bc5 18. Qd3 Rd8 19. Qb5 Qc7 20. Bxc8 Raxc8 21. Qe2 Rd5 22. Bb2 Qf4 23. Nc4 Bxf2+ 24. Qxf2 Qxf2+ 25. Kxf2 Rxc4 26. Rec1 Rxd2+ 27. Ke3 Rcc2 28. Rxc2 Rxc2 29. Rc1 Rxc1 30. Bxc1 Kf8 31. Kd4 Ke7 32. Ba3+ Kf6 33. Bd6 Kf5 34. Bb8 a6 35. a5 1-0

[Event "Isthmia op 5th"]
[Site "Loutraki"]
[Date "2015.08.20"]
[Round "3"]
[White "Papadopoulos, Georgios Vas"]
[Black "Sideris, Theodoros"]
[Result "1-0"]
[WhiteElo "2318"]
[BlackElo "1992"]
[PlyCount "103"]
[EventDate "2015.08.18"]
[EventType "swiss"]
[EventRounds "9"]
[EventCountry "GRE"]
[SourceTitle "EXT 2016"]
[Source "ChessBase"]
[SourceDate "2015.10.08"]
[SourceVersion "1"]
[SourceVersionDate "2015.10.08"]
[SourceQuality "1"]

1. d4 Nf6 2. c4 c5 3. d5 b5 4. Nf3 Bb7 5. Qc2 d6 6. e4 bxc4 7. Nbd2 g6 8. Nxc4 Nbd7 9. Bd3 Bg7 10. 0-0 0-0 11. Bd2 Nb6 12. Na5 Rb8 13. Nxb7 Rxb7 14. a4 Nbd7 15. Bc3 Ng4 16. Bxg7 Kxg7 17. Qc3+ Kg8 18. Bb5 Ngf6 19. Nd2 Qc7 20. Rfe1 Rfb8 21. Nc4 Ne5 22. Na5 a6 23. Nxb7 axb5 24. f4 b4 25. Qd2 Ned7 26. e5 Ne8 27. Nxd6 exd6 28. e6 Ndf6 29. f5 c4 30. Qd4 fxe6 31. fxe6 Qc5 32. Rad1 Rc8 33. Kh1 Qxd4 34. Rxd4 Rc5 35. Rc1 c3 36. Rxb4 Nxd5 37. Rb8 Kf8 38. bxc3 Nxc3 39. Rf1+ Ke7 40. Rb7+ Kxe6 41. Re1+ Kd5 42. Rxe8 Nxa4 43. h3 Rc1+ 44. Kh2 Nc5 45. Rxh7 Ne4 46. Rhe7 Re1 47. Rg7 g5 48. Rxg5+ Kd4 49. Rf5 Kc4 50. h4 d5 51. h5 d4 52. Rfe5 1-0

[Event "Isthmia op 5th"]
[Site "Loutraki"]
[Date "2015.08.19"]
[Round "2"]
[White "Papaioannou, Ioannis"]
[Black "Papadopoulos, Georgios Vas"]
[Result "1-0"]
[WhiteElo "2633"]
[BlackElo "2318"]
[PlyCount "65"]
[EventDate "2015.08.18"]
[EventType "swiss"]
[EventRounds "9"]
[EventCountry "GRE"]
[SourceTitle "EXT 2016"]
[Source "ChessBase"]
[SourceDate "2015.10.08"]
[SourceVersion "1"]
[SourceVersionDate "2015.10.08"]
[SourceQuality "1"]

1. Nf3 Nf6 2. d4 g6 3. g3 Bg7 4. Bg2 0-0 5. 0-0 d5 6. c4 c6 7. Qb3 Qb6 8. Nc3 Bf5 9. Qxb6 axb6 10. cxd5 cxd5 11. Bg5 Rd8 12. Ne5 Nc6 13. e3 Be6 14. Rfd1 h6 15. Bxf6 Bxf6 16. f4 Nb4 17. Kf2 Bxe5 18. dxe5 Bg4 19. Rd2 e6 20. a3 g5 21. Nb5 Nc6 22. Rc1 f6 23. h3 Bh5 24. Nc7 fxe5 25. Nxa8 Rxa8 26. f5 Rf8 27. Kg1 d4 28. g4 Be8 29. fxe6 dxe3 30. Re2 Nd4 31. Rxe3 Nxe6 32. Bd5 Bf7 33. Bxe6 1-0

[Event "Kavala op 24th"]
[Site "Kavala"]
[Date "2015.08.10"]
[Round "8"]
[White "Papadopoulos, Georgios Vas"]
[Black "Pavlidis, Antonios"]
[Result "0-1"]
[WhiteElo "2318"]
[BlackElo "2529"]
[PlyCount "86"]
[EventDate "2015.08.04"]
[EventType "swiss"]
[EventRounds "9"]
[EventCountry "GRE"]
[SourceTitle "CBM 167 Extra"]
[Source "ChessBase"]
[SourceDate "2015.09.14"]
[SourceVersion "1"]
[SourceVersionDate "2015.09.14"]
[SourceQuality "1"]

1. d4 Nf6 2. c4 g6 3. Nc3 Bg7 4. e4 d6 5. Bg5 0-0 6. Qd2 c5 7. d5 a6 8. a4 Qa5 9. Ra3 e6 10. Be2 exd5 11. exd5 Re8 12. Nf3 Bg4 13. 0-0 Nbd7 14. Rb3 Qc7 15. Qf4 Re7 16. h3 Bxf3 17. Bxf3 Rae8 18. Nd1 Re5 19. Qh4 Ne4 20. Bxe4 Rxe4 21. Qg3 Rxc4 22. Ne3 Rxa4 23. Nf5 gxf5 24. Bh6 Rg4 25. hxg4 Bxh6 26. gxf5+ Bg7 27. Qh4 Qd8 28. Qxd8 Rxd8 29. Rxb7 Nf6 30. Rd1 Ng4 31. Re1 Bd4 32. Ree7 Bxf2+ 33. Kf1 Bd4 34. Rxf7 Re8 35. Rbe7 Rxe7 36. Rxe7 Ne3+ 37. Ke2 Nxf5 38. Ra7 Bxb2 39. Kd3 Be5 40. Rxa6 Kf7 41. Ra4 Ne7 42. Ke4 Kg6 43. g4 Ng8 0-1

[Event "Paleochora op 8th"]
[Site "Paleochora"]
[Date "2015.07.18"]
[Round "3"]
[White "Papadopoulos, Georgios Vas"]
[Black "Stopa, Jacek"]
[Result "1-0"]
[WhiteElo "2267"]
[BlackElo "2541"]
[PlyCount "67"]
[EventDate "2015.07.17"]
[EventType "swiss"]
[EventRounds "9"]
[EventCountry "GRE"]
[SourceTitle "CBM 167 Extra"]
[Source "ChessBase"]
[SourceDate "2015.09.14"]
[SourceVersion "1"]
[SourceVersionDate "2015.09.14"]
[SourceQuality "1"]

1. d4 d6 2. Nf3 Bg4 3. e4 g6 4. Bc4 e6 5. 0-0 Bg7 6. c3 Nd7 7. Nbd2 Ne7 8. h3 Bxf3 9. Nxf3 0-0 10. Bf4 h6 11. Qd2 g5 12. Bg3 Ng6 13. Rfe1 Qe7 14. Rad1 Nb6 15. Bd3 e5 16. d5 Nf4 17. Bxf4 exf4 18. Nd4 Be5 19. Nf5 Qf6 20. Qe2 Kh7 21. Qg4 a6 22. g3 Rg8 23. Kg2 Rae8 24. Rh1 Rg6 25. h4 gxh4 26. Qxh4 Qxh4 27. Rxh4 Na4 28. Rd2 fxg3 29. f4 Bf6 30. Rh3 Nc5 31. Bc2 Nxe4 32. Re2 Nf2 33. Rxh6+ Rxh6 34. Nxh6+ 1-0

[Event "Rethymno op 4th"]
[Site "Rethymno"]
[Date "2012.07.08"]
[Round "3"]
[White "Skembris, Spyridon"]
[Black "Papadopoulos, Georgios Vas"]
[Result "1-0"]
[WhiteElo "2460"]
[BlackElo "2036"]
[PlyCount "65"]
[EventDate "2012.07.07"]
[EventType "swiss"]
[EventRounds "9"]
[EventCountry "GRE"]
[SourceTitle "CBM 149 Extra"]
[Source "ChessBase"]
[SourceDate "2012.08.24"]
[SourceVersion "1"]
[SourceVersionDate "2012.08.24"]
[SourceQuality "1"]

1. c4 Nf6 2. Nc3 e6 3. Nf3 d5 4. d4 Be7 5. Bg5 0-0 6. e3 b6 7. Rc1 Bb7 8. Bxf6 Bxf6 9. cxd5 exd5 10. b4 a6 11. Qb3 Qd6 12. Be2 Nd7 13. 0-0 g6 14. Rfd1 Bg7 15. a4 Nf6 16. Ne5 Ne4 17. Nxe4 dxe4 18. Qc3 Rac8 19. b5 a5 20. Bc4 Qe7 21. Bb3 Kh8 22. Nc6 Qg5 23. Na7 Ra8 24. Qxc7 Rxa7 25. Qxb6 Raa8 26. Qxb7 f5 27. Rc7 Qh6 28. g3 Rae8 29. Rf7 g5 30. Rc1 Rxf7 31. Qxf7 Rf8 32. Qe6 Bf6 33. Rc8 1-0

[Event "GRE-ch U14"]
[Site "Rio Achaia"]
[Date "2012.06.25"]
[Round "3.2"]
[White "Papadopoulos, Georgios Vas"]
[Black "Gouloutis, Nikolaos"]
[Result "1/2-1/2"]
[WhiteElo "2036"]
[BlackElo "1801"]
[PlyCount "116"]
[EventDate "2012.06.24"]
[EventType "swiss"]
[EventRounds "7"]
[EventCountry "GRE"]
[SourceTitle "EXT 2024"]
[Source "ChessBase"]
[SourceDate "2023.10.10"]
[SourceVersion "1"]
[SourceVersionDate "2023.10.10"]
[SourceQuality "1"]

1. e4 d5 2. exd5 Qxd5 3. Nc3 Qd6 4. g3 Nf6 5. Bg2 a6 6. Nf3 Nc6 7. 0-0 Bg4 8. d4 0-0-0 9. d5 Ne5 10. Bf4 Nxf3+ 11. Bxf3 Bxf3 12. Qxf3 e5 13. dxe6 Qxe6 14. Rfe1 Qg4 15. Qxg4+ Nxg4 16. Ne4 f5 17. Ng5 Bc5 18. Kg2 Rde8 19. h3 Nxf2 20. Ne6 Ne4 21. Rxe4 fxe4 22. Nxc5 Re7 23. Re1 Rhe8 24. Kf2 a5 25. Ke3 g5 26. Bxg5 Re5 27. Bf4 Rxc5 28. Re2 Kd7 29. Rd2+ Kc6 30. Rg2 b5 31. g4 Re6 32. g5 Kd7 33. h4 Ke7 34. h5 Kf7 35. Rd2 Re7 36. c3 b4 37. cxb4 axb4 38. Rd8 Ra5 39. Rh8 Kg7 40. Rb8 Rf5 41. h6+ Kf7 42. Rh8 Kg6 43. Rg8+ Kh5 44. g6 Rxf4 45. Kxf4 e3 46. gxh7 e2 47. Rg1 Rxh7 48. Re1 Rxh6 49. Rxe2 Ra6 50. b3 Rc6 51. Rg2 Rc3 52. Rg5+ Kh6 53. Rb5 Rc2 54. Rxb4 Rxa2 55. Rb7 Rc2 56. Kf5 c5 57. Ke4 Rc3 58. Kd5 Kg6 1/2-1/2

[Event "GRE-ch U14"]
[Site "Eretria"]
[Date "2011.06.28"]
[Round "6.4"]
[White "Papadopoulos, Georgios Vas"]
[Black "Roinos, Ilias"]
[Result "1-0"]
[WhiteElo "2015"]
[BlackElo "1757"]
[PlyCount "83"]
[EventDate "2011.06.25"]
[EventType "swiss"]
[EventRounds "9"]
[EventCountry "GRE"]
[SourceTitle "EXT 2024"]
[Source "ChessBase"]
[SourceDate "2023.10.10"]
[SourceVersion "1"]
[SourceVersionDate "2023.10.10"]
[SourceQuality "1"]

1. e4 c5 2. Nf3 e6 3. d4 cxd4 4. Nxd4 a6 5. Nc3 Qc7 6. Bd3 Bc5 7. Nb3 Ba7 8. 0-0 Nf6 9. Bg5 h5 10. Bxf6 gxf6 11. Qf3 Ke7 12. Rae1 Nc6 13. Kh1 Ne5 14. Qg3 b5 15. f4 Ng4 16. e5 Bb7 17. Be4 Rag8 18. Qf3 Bxe4 19. Nxe4 f5 20. Nd6 Qxc2 21. Re2 Qc7 22. Rc1 Qb6 23. Nc5 a5 24. Rd2 Rb8 25. h3 Qc7 26. Rdc2 Qb6 27. Kg1 f6 28. hxg4 fxe5 29. fxe5 hxg4 30. Qd3 Kf8 31. Qe3 Rh7 32. Qg5 Rg7 33. Qf6+ Kg8 34. Kf1 Rf8 35. Qh4 Rh7 36. Qg5+ Rg7 37. Qf4 Rh7 38. Kf2 b4 39. b3 Kh8 40. Rc4 Rg8 41. Ke2 g3 42. Nxd7 1-0

[Event "Ambelokipi op 103rd"]
[Site "Athens"]
[Date "2010.03.20"]
[Round "5"]
[White "Delithanasis, Dimitrios"]
[Black "Papadopoulos, Georgios Vas"]
[Result "1-0"]
[WhiteElo "2204"]
[BlackElo "1857"]
[PlyCount "43"]
[EventDate "2010.03.06"]
[EventType "swiss"]
[EventRounds "7"]
[EventCountry "GRE"]
[SourceTitle "CBM 135 Extra"]
[Source "ChessBase"]
[SourceDate "2010.05.04"]
[SourceVersion "1"]
[SourceVersionDate "2010.05.04"]
[SourceQuality "1"]

1. Nf3 c5 2. c4 Nc6 3. Nc3 g6 4. e3 Bg7 5. d4 cxd4 6. exd4 Qb6 7. Nd5 Qd8 8. Nc3 Qb6 9. c5 Qb4 10. a3 Qa5 11. Bf4 d6 12. b4 Nxb4 13. axb4 Qxb4 14. Qa4+ Qxa4 15. Nxa4 g5 16. Bxg5 dxc5 17. Nb6 Rb8 18. Rxa7 cxd4 19. Bf4 e5 20. Nxe5 Be6 21. Bb5+ Ke7 22. Nc6+ 1-0

[Event "GRE-chT U16"]
[Site "Chalkida"]
[Date "2009.12.13"]
[Round "5.2"]
[White "Sahinidis, Evagelos"]
[Black "Papadopoulos, Georgios Vas"]
[Result "0-1"]
[WhiteElo "1696"]
[BlackElo "1805"]
[PlyCount "72"]
[EventDate "2009.12.11"]
[EventType "team-swiss"]
[EventRounds "5"]
[EventCountry "GRE"]
[SourceTitle "EXT 2011"]
[Source "ChessBase"]
[SourceDate "2010.11.26"]
[SourceVersion "1"]
[SourceVersionDate "2010.11.26"]
[SourceQuality "1"]
[WhiteTeam "Keravnos Oreokastrou"]
[BlackTeam "Aspropyrgou"]
[WhiteTeamCountry "GRE"]
[BlackTeamCountry "GRE"]

1. e4 c5 2. Nf3 e6 3. d4 cxd4 4. Nxd4 Nc6 5. Nb5 d6 6. Bf4 e5 7. Be3 a6 8. N5c3 Nf6 9. f3 Be7 10. Nd2 Be6 11. a4 Rc8 12. Nc4 Nd4 13. Bxd4 Bxc4 14. Bxc4 Rxc4 15. Be3 0-0 16. 0-0 Qc7 17. Rf2 Rc8 18. Bg5 Qb6 19. Bxf6 Bxf6 20. Ra2 Rd4 21. Qc1 h6 22. a5 Qc5 23. Kf1 Qc4+ 24. Kg1 Bg5 25. Qe1 Qc5 26. Kh1 Rc4 27. Re2 h5 28. g3 g6 29. Kg2 h4 30. gxh4 Bf4 31. Nd5 Kg7 32. Nb6 Rxc2 33. Nxc8 Qe3 34. Kf1 Qxf3+ 35. Kg1 Rxe2 36. Qf1 Bxh2# 0-1

[Event "GRE-ch U12"]
[Site "Kallithea"]
[Date "2009.06.30"]
[Round "8"]
[White "Kalogeris, Ioannis"]
[Black "Papadopoulos, Georgios Vas"]
[Result "0-1"]
[WhiteElo "1882"]
[BlackElo "1700"]
[PlyCount "76"]
[EventDate "2009.06.25"]
[EventType "swiss"]
[EventRounds "9"]
[EventCountry "GRE"]
[SourceTitle "EXT 2011"]
[Source "ChessBase"]
[SourceDate "2010.11.26"]
[SourceVersion "1"]
[SourceVersionDate "2010.11.26"]
[SourceQuality "1"]

1. e4 c5 2. Nf3 Nc6 3. d4 cxd4 4. Nxd4 Nf6 5. Nc3 e5 6. Ndb5 d6 7. Nd5 Nxd5 8. exd5 Nb8 9. c4 a6 10. Nc3 Be7 11. Be2 0-0 12. 0-0 f5 13. Kh1 Nd7 14. f4 Bf6 15. Qc2 g6 16. Rb1 exf4 17. Bxf4 Be5 18. Bxe5 Nxe5 19. b4 Qh4 20. c5 f4 21. Qd2 Bf5 22. Rbd1 g5 23. Qd4 Rf6 24. Na4 Rh6 25. Qg1 Bg4 26. Rde1 Bxe2 27. Rxe2 Ng4 28. Re6 Rh5 29. h3 Qg3 30. Rf3 Rxh3+ 31. gxh3 Qxf3+ 32. Qg2 Qd1+ 33. Qg1 Qxd5+ 34. Qg2 Qxe6 35. hxg4 Re8 36. cxd6 Qe1+ 37. Qg1 Qh4+ 38. Kg2 Qg3+ 0-1

[Event "GRE-ch U12"]
[Site "Kallithea"]
[Date "2009.06.29"]
[Round "7"]
[White "Papadopoulos, Georgios Vas"]
[Black "Stathopoulos, Ioannis"]
[Result "1/2-1/2"]
[WhiteElo "1700"]
[BlackElo "1867"]
[PlyCount "81"]
[EventDate "2009.06.25"]
[EventType "swiss"]
[EventRounds "9"]
[EventCountry "GRE"]
[SourceTitle "EXT 2011"]
[Source "ChessBase"]
[SourceDate "2010.11.26"]
[SourceVersion "1"]
[SourceVersionDate "2010.11.26"]
[SourceQuality "1"]

1. e4 c5 2. Nf3 d6 3. d4 cxd4 4. Nxd4 Nf6 5. Nc3 a6 6. f4 Qc7 7. Be3 e5 8. Nf3 Be7 9. Bd3 Nbd7 10. h3 h5 11. fxe5 Nxe5 12. 0-0 Be6 13. Nd4 h4 14. Nf5 0-0-0 15. Na4 Rdg8 16. Bb6 Qd7 17. Nxe7+ Qxe7 18. Qd2 Kb8 19. Qc3 Rh6 20. b4 Rc8 21. Qd4 Nc6 22. Qe3 Rh5 23. c4 Nd7 24. b5 axb5 25. cxb5 Nb4 26. Rac1 Nxb6 27. Nxb6 Rxc1 28. Rxc1 Nxd3 29. Qxd3 Rc5 30. Re1 Qc7 31. Na4 Rc1 32. Qd2 Rxe1+ 33. Qxe1 Qc4 34. Nc3 Qd4+ 35. Kh1 g5 36. a4 f5 37. a5 f4 38. Qc1 f3 39. gxf3 Bxh3 40. Nd5 g4 41. b6 1/2-1/2

[Event "GRE-ch U12"]
[Site "Kallithea"]
[Date "2009.06.28"]
[Round "5"]
[White "Papadopoulos, Georgios Vas"]
[Black "Kourkoulos Arditis, Stamatis"]
[Result "1-0"]
[WhiteElo "1700"]
[BlackElo "1811"]
[PlyCount "49"]
[EventDate "2009.06.25"]
[EventType "swiss"]
[EventRounds "9"]
[EventCountry "GRE"]
[SourceTitle "EXT 2011"]
[Source "ChessBase"]
[SourceDate "2010.11.26"]
[SourceVersion "1"]
[SourceVersionDate "2010.11.26"]
[SourceQuality "1"]

1. e4 c5 2. Nf3 e6 3. d4 cxd4 4. Nxd4 Nf6 5. Nc3 d6 6. f4 Be7 7. Be3 a6 8. Qf3 Qc7 9. 0-0-0 Bd7 10. g4 h5 11. g5 e5 12. Nf5 Bxf5 13. exf5 Nfd7 14. Nd5 Qc6 15. Bg2 exf4 16. Qxf4 Ne5 17. Nf6+ gxf6 18. Bxc6+ Nbxc6 19. gxf6 Bf8 20. Qe4 Rc8 21. Bf4 Rg8 22. Rhe1 Rg4 23. h3 Rh4 24. Qe3 b5 25. Qg3 1-0

[Event "Ambelokipi op 091th"]
[Site "Athens"]
[Date "2008.11.08"]
[Round "?"]
[White "Papadopoulos, Georgios Vas"]
[Black "Delithanasis, Dimitrios"]
[Result "0-1"]
[WhiteElo "1648"]
[BlackElo "2251"]
[PlyCount "132"]
[EventDate "2008.11.08"]
[EventType "swiss"]
[EventCountry "GRE"]
[SourceTitle "EXT 2024"]
[Source "ChessBase"]
[SourceDate "2023.10.10"]
[SourceVersion "1"]
[SourceVersionDate "2023.10.10"]
[SourceQuality "1"]

1. e4 c5 2. Nc3 Nc6 3. f4 g6 4. Nf3 Bg7 5. Bc4 e6 6. 0-0 Nge7 7. Qe1 Nb4 8. Bb3 c4 9. Ba4 Qa5 10. a3 Na6 11. b4 cxb3 12. Bxb3 Nc5 13. d4 Nxb3 14. cxb3 Nc6 15. e5 d5 16. Bb2 Qb6 17. Qd1 Na5 18. b4 Nc4 19. Qe2 Bd7 20. Rac1 0-0 21. Nd1 Bb5 22. Nc3 Nxa3 23. Nxb5 Qxb5 24. Qxb5 Nxb5 25. Rc5 a6 26. Rfc1 Rfb8 27. Nd2 Bf8 28. R5c2 Bxb4 29. Nb3 b6 30. Ba1 a5 31. Nd2 Na3 32. Ra2 Rc8 33. Rd1 Rc2 34. Rxc2 Nxc2 35. Nf3 Rc8 36. Rc1 Rc4 37. Kf2 a4 38. Rb1 a3 39. g4 a2 40. Rb2 Nxa1 41. Rxa2 Rc2+ 42. Rxc2 Nxc2 43. Ke2 h6 44. h4 Kf8 45. g5 h5 46. Kd1 Ne3+ 47. Ke2 Ng2 48. Kd3 b5 49. Kc2 Nxf4 50. Kb3 Ba5 51. Kc2 Ke7 52. Kb3 Ng2 53. Kc2 Ne1+ 54. Nxe1 Bxe1 55. Kb3 Kd7 56. Kc2 Kc6 57. Kd1 Bxh4 58. Ke2 Bg3 59. Kf3 b4 60. Ke2 b3 61. Kd3 Kb5 62. Kc3 Ka4 63. Kb2 Kb4 64. Kb1 Kc3 65. Ka1 h4 66. Kb1 h3 0-1

[Event "GRE-ch U10"]
[Site "Kallithea"]
[Date "2008.06.29"]
[Round "2"]
[White "Papakonstantinou, Dimitrios"]
[Black "Papadopoulos, Georgios Vas"]
[Result "1/2-1/2"]
[WhiteElo "1746"]
[BlackElo "1468"]
[PlyCount "138"]
[EventDate "2008.06.28"]
[EventType "swiss"]
[EventRounds "9"]
[EventCountry "GRE"]
[SourceTitle "EXT 2010"]
[Source "ChessBase"]
[SourceDate "2010.11.25"]
[SourceVersion "1"]
[SourceVersionDate "2010.11.25"]
[SourceQuality "1"]

1. d4 Nf6 2. c4 e6 3. Nc3 Bb4 4. Bg5 b6 5. e4 h6 6. Bxf6 Qxf6 7. Qf3 Qxd4 8. Rc1 Bb7 9. Bd3 f5 10. Nge2 Qe5 11. Qh5+ Ke7 12. exf5 exf5 13. 0-0 Kd8 14. Qxf5 Qxf5 15. Bxf5 Rf8 16. Be4 Bxe4 17. Nxe4 Be7 18. Rfd1 Kc8 19. N2c3 c6 20. Nd6+ Bxd6 21. Rxd6 Kc7 22. Rg6 Rf7 23. Ne4 Na6 24. Re1 Re8 25. Rg3 d5 26. cxd5 cxd5 27. Rc1+ Kd7 28. Nc3 d4 29. Rd3 Rf4 30. g3 Nc5 31. Rd2 Rff8 32. Rxd4+ Ke7 33. Nd5+ Kf7 34. Rf4+ Kg8 35. Rxf8+ Kxf8 36. Nc3 Nd3 37. Rc2 Ne1 38. Rc1 Nd3 39. Rc2 Re1+ 40. Kg2 Re8 41. Rd2 Rd8 42. Kf3 Ne5+ 43. Ke2 Rxd2+ 44. Kxd2 Nf3+ 45. Ke2 Nxh2 46. f3 g5 47. Nb5 a6 48. Nd4 g4 49. f4 Ke7 50. Kf2 Kd6 51. Nf5+ Ke6 52. Nxh6 Nf3 53. Nxg4 Nd2 54. b3 Ne4+ 55. Kf3 Nc3 56. a3 Nb1 57. a4 Nd2+ 58. Ke3 Nxb3 59. Kf3 Nc5 60. a5 bxa5 61. Ke3 a4 62. Kd4 a3 63. Kc3 a5 64. Ne3 Ne4+ 65. Kb3 Nxg3 66. Kxa3 Ne2 67. f5+ Kf6 68. Ka4 Nd4 69. Kxa5 Nxf5 1/2-1/2